000 00326nam a22001457a 4500
008 240318b ||||| |||| 00| 0 eng d
020 _a0231057520
041 _aeng
080 _21985
_a101
082 _a101GRA
100 _a44
101 _aFILOZOFI
245 _aTHE EVOLUTIONARY PROCESS
_cVERNE GRANT
942 _2udc
_cBK
999 _c60601
_d60601